Total Drama Ridonculous Race Locations - Statistics

General Stats
  • This quiz has been taken 180 times
    179 since last reset
  • The average score is 15 of 26
Answer Stats
Episode # Location % Correct
Episode 26 New York City
80%
Episode 10 China
77%
Episode 2 Morocco
76%
Episode 13 Australia
75%
Episode 14 Australia
75%
Episode 5 Iceland
73%
Episode 3 Paris
70%
Episode 6 Brazil
69%
Episode 8 Hawaii
68%
Episode 7 Transylvania
66%
Episode 1 Toronto
63%
Episode 20 Mexico
61%
Episode 11 Finland
60%
Episode 23 India
60%
Episode 4 South France
60%
Episode 9 Dubai
56%
Episode 24 Argentina
55%
Episode 15 New Zealand
55%
Episode 18 Indonesia
54%
Episode 22 Russia
54%
Episode 12 Zimbabwe
52%
Episode 25 Bahamas
45%
Episode 21 Vietnam
43%
Episode 19 Las Vegas
33%
Episode 16 Alberta
32%
Episode 17 Arctic
30%
No matching quizzes found
Score Distribution
Percent of People with Each Score
Percentile by Number Answered
Your Score History
You have not taken this quiz since the last reset